Perros de raza (y sus problemas) - Estadísticas

Estadísticas generales
  • Esta prueba ha sido intentada 75 veces
  • La puntuación promedio es 33 de 36
Estadísticas de respuestas
Pregunta Azulejo Select % Correcto
Son unas estrellas mediáticas pero estos perritos de grandes ojos saltones tienen como zona vulnerable, precisamente, los ojos, con riesgo de infecciones y deformaciones. Un accidente o pelea para ellos puede dañar profundamente esa zona. No
100%
Son unas estrellas mediáticas pero estos perritos de grandes ojos saltones tienen como zona vulnerable, precisamente, los ojos, con riesgo de infecciones y deformaciones. Un accidente o pelea para ellos puede dañar profundamente esa zona. No
98%
Tienen riesgos respiratorios debido a sus fosas nasales pequeñas y un paladar corto que pueden causar dificultades para respirar. Se parecen a la raza pug, pero suelen ser más grandes y tienen una cara más gruñona. No
98%
Tienen riesgos respiratorios debido a sus fosas nasales pequeñas y un paladar corto que pueden causar dificultades para respirar. Se parecen a la raza pug, pero suelen ser más grandes y tienen una cara más gruñona. No
97%
Tienen riesgos respiratorios debido a sus fosas nasales pequeñas y un paladar corto que pueden causar dificultades para respirar. Se parecen a la raza pug, pero suelen ser más grandes y tienen una cara más gruñona. No
97%
Como resultado de la forma de su cuerpo, es propenso a una serie de problemas de salud, como problemas neurológicos y de columna, que pueden necesitar de una cirugía para corregirse. Estos perros también pueden sufrir obesidad y problemas oculares. No
97%
Tienen riesgos respiratorios debido a sus fosas nasales pequeñas y un paladar corto que pueden causar dificultades para respirar. Se parecen a la raza pug, pero suelen ser más grandes y tienen una cara más gruñona. No
95%
Perro gigante con pelo como de terciopelo. Y al igual que ocurre con otros ejemplares de gran tamaño, tiene predisposición a padecer desplazamientos de cadera. Además, sus ojos son sumamente delicados, ya que suele presentarse, con la edad, inflamaciones y deformidades permanentes. No
95%
Perro gigante con pelo como de terciopelo. Y al igual que ocurre con otros ejemplares de gran tamaño, tiene predisposición a padecer desplazamientos de cadera. Además, sus ojos son sumamente delicados, ya que suele presentarse, con la edad, inflamaciones y deformidades permanentes. No
95%
Como resultado de la forma de su cuerpo, es propenso a una serie de problemas de salud, como problemas neurológicos y de columna, que pueden necesitar de una cirugía para corregirse. Estos perros también pueden sufrir obesidad y problemas oculares. No
95%
Es una de las razas con más manipulación genética. Puede sufrir de problemas cardíacos, sarna, acrodermatitis letal y dificultades de comportamiento. Por este motivo, tienen fama de ser agresivos (aunque factores ambientales también son importantes) No
95%
Sus largas orejas peludas enamoran, pero son tan propensos a enfermedades del corazón, problemas oculares y problemas en las articulaciones, que la justicia noruega ha prohibido su cría. No
95%
Sus largas orejas peludas enamoran, pero son tan propensos a enfermedades del corazón, problemas oculares y problemas en las articulaciones, que la justicia noruega ha prohibido su cría. No
95%
Perro gigante con pelo como de terciopelo. Y al igual que ocurre con otros ejemplares de gran tamaño, tiene predisposición a padecer desplazamientos de cadera. Además, sus ojos son sumamente delicados, ya que suele presentarse, con la edad, inflamaciones y deformidades permanentes. No
94%
Perro gigante con pelo como de terciopelo. Y al igual que ocurre con otros ejemplares de gran tamaño, tiene predisposición a padecer desplazamientos de cadera. Además, sus ojos son sumamente delicados, ya que suele presentarse, con la edad, inflamaciones y deformidades permanentes. No
94%
Como resultado de la forma de su cuerpo, es propenso a una serie de problemas de salud, como problemas neurológicos y de columna, que pueden necesitar de una cirugía para corregirse. Estos perros también pueden sufrir obesidad y problemas oculares. No
94%
Como resultado de la forma de su cuerpo, es propenso a una serie de problemas de salud, como problemas neurológicos y de columna, que pueden necesitar de una cirugía para corregirse. Estos perros también pueden sufrir obesidad y problemas oculares. No
94%
Como resultado de la forma de su cuerpo, es propenso a una serie de problemas de salud, como problemas neurológicos y de columna, que pueden necesitar de una cirugía para corregirse. Estos perros también pueden sufrir obesidad y problemas oculares. No
94%
Sus largas orejas peludas enamoran, pero son tan propensos a enfermedades del corazón, problemas oculares y problemas en las articulaciones, que la justicia noruega ha prohibido su cría. No
94%
Es una de las razas con más manipulación genética. Puede sufrir de problemas cardíacos, sarna, acrodermatitis letal y dificultades de comportamiento. Por este motivo, tienen fama de ser agresivos (aunque factores ambientales también son importantes) No
92%
Es una de las razas con más manipulación genética. Puede sufrir de problemas cardíacos, sarna, acrodermatitis letal y dificultades de comportamiento. Por este motivo, tienen fama de ser agresivos (aunque factores ambientales también son importantes) No
92%
Es una de las razas con más manipulación genética. Puede sufrir de problemas cardíacos, sarna, acrodermatitis letal y dificultades de comportamiento. Por este motivo, tienen fama de ser agresivos (aunque factores ambientales también son importantes) No
92%
Perro gigante con pelo como de terciopelo. Y al igual que ocurre con otros ejemplares de gran tamaño, tiene predisposición a padecer desplazamientos de cadera. Además, sus ojos son sumamente delicados, ya que suele presentarse, con la edad, inflamaciones y deformidades permanentes. No
90%
Sus largas orejas peludas enamoran, pero son tan propensos a enfermedades del corazón, problemas oculares y problemas en las articulaciones, que la justicia noruega ha prohibido su cría. No
90%
Sus largas orejas peludas enamoran, pero son tan propensos a enfermedades del corazón, problemas oculares y problemas en las articulaciones, que la justicia noruega ha prohibido su cría. No
90%
Es una de las razas con más manipulación genética. Puede sufrir de problemas cardíacos, sarna, acrodermatitis letal y dificultades de comportamiento. Por este motivo, tienen fama de ser agresivos (aunque factores ambientales también son importantes) No
89%
Son unas estrellas mediáticas pero estos perritos de grandes ojos saltones tienen como zona vulnerable, precisamente, los ojos, con riesgo de infecciones y deformaciones. Un accidente o pelea para ellos puede dañar profundamente esa zona. No
87%
Son unas estrellas mediáticas pero estos perritos de grandes ojos saltones tienen como zona vulnerable, precisamente, los ojos, con riesgo de infecciones y deformaciones. Un accidente o pelea para ellos puede dañar profundamente esa zona. No
87%
Perro gigante con pelo como de terciopelo. Y al igual que ocurre con otros ejemplares de gran tamaño, tiene predisposición a padecer desplazamientos de cadera. Además, sus ojos son sumamente delicados, ya que suele presentarse, con la edad, inflamaciones y deformidades permanentes.
87%
Son unas estrellas mediáticas pero estos perritos de grandes ojos saltones tienen como zona vulnerable, precisamente, los ojos, con riesgo de infecciones y deformaciones. Un accidente o pelea para ellos puede dañar profundamente esa zona. No
86%
Como resultado de la forma de su cuerpo, es propenso a una serie de problemas de salud, como problemas neurológicos y de columna, que pueden necesitar de una cirugía para corregirse. Estos perros también pueden sufrir obesidad y problemas oculares.
86%
Sus largas orejas peludas enamoran, pero son tan propensos a enfermedades del corazón, problemas oculares y problemas en las articulaciones, que la justicia noruega ha prohibido su cría.
84%
Tienen riesgos respiratorios debido a sus fosas nasales pequeñas y un paladar corto que pueden causar dificultades para respirar. Se parecen a la raza pug, pero suelen ser más grandes y tienen una cara más gruñona.
78%
Es una de las razas con más manipulación genética. Puede sufrir de problemas cardíacos, sarna, acrodermatitis letal y dificultades de comportamiento. Por este motivo, tienen fama de ser agresivos (aunque factores ambientales también son importantes)
75%
Tienen riesgos respiratorios debido a sus fosas nasales pequeñas y un paladar corto que pueden causar dificultades para respirar. Se parecen a la raza pug, pero suelen ser más grandes y tienen una cara más gruñona. No
71%
Son unas estrellas mediáticas pero estos perritos de grandes ojos saltones tienen como zona vulnerable, precisamente, los ojos, con riesgo de infecciones y deformaciones. Un accidente o pelea para ellos puede dañar profundamente esa zona.
68%
No se encontraron pruebas coincidentes
Distribución de puntuación
Porcentaje de gente con cada puntuación
Porcentaje por número respondido
Historial de tus puntuaciones
No has intentado esta prueba.